Greyhawk Geography: Letter G - Statistics

General Stats
  • This quiz has been taken 46 times
  • The average score is 8 of 15
Answer Stats
Hint Answer % Correct
World of ____ Setting Greyhawk
100%
Grand Duchy northwest of Keoland Geoff
90%
The ____ Kingdom of Aerdy Great
86%
Forest near Temple of Elemental Evil Gnarley
74%
Major sea port of the Sheldomar Valley Gradsul
57%
Capital of the previous answer Gorna
55%
Mountain range connecting the Corusk and Rakers Griff
48%
Forest separating Nyrond and the Pale Gamboge
45%
Cliffs up the coast from the same city Gull
45%
Outlaw forest near city of Rel Astra Grandwood
43%
Swarmed swamp along the Nesser River Gnatmarsh
40%
Huge bay of barbarians Grendep
40%
One of the barbarian capitals Glot
33%
Small mountain range in southeast Glorioles
31%
Furyondy town on the Veng River Grabford
19%
No matching quizzes found
Score Distribution
Percent of People with Each Score
Percentile by Number Answered
Your Score History
You have not taken this quiz